MARC

LEADER 00000nam0a2200000 4500
001 286667
005 20231101235920.0
020 |a RU  |b 85-55872 
035 |a (RuTPU)RU\TPU\book\310993 
090 |a 286667 
100 |a 20150306d1985 km y0rusy5003 ca 
101 0 |a rus 
102 |a RU 
105 |a a z 001zy 
200 1 |a Волокнистые материалы из ориентированных полимерных пленок  |f М. П. Зверев, З. З. Абдулхакова 
210 |a Москва  |c Химия  |d 1985 
215 |a 160 с.  |c ил. 
320 |a Библиогр.: с. 151-155 
320 |a Предметный указатель: с. 156-160 
606 1 |a Полимерные волокнистые материалы  |2 stltpush  |3 (RuTPU)RU\TPU\subj\50202  |9 68934 
610 1 |a полимеры волокнообразующие 
610 1 |a пленки полимерные 
610 1 |a волокно синтетическое 
610 1 |a производство 
610 1 |a формование 
610 1 |a резка 
610 1 |a свойства 
610 1 |a фибрилляция 
675 |a 677.494  |z rus  |v 3 
700 1 |a Зверев  |b М. П.  |g Михаил Петрович  |4 070 
701 1 |a Абдулхакова  |b З. З.  |g Зания Зиннуровна  |4 070 
801 0 |a RU  |b RuMRKP  |c 19950704  |g psbo 
801 1 |a RU  |b 63413507  |c 20150306 
801 2 |a RU  |b 63413507  |c 20180116  |g RCR 
942 |c BK